000
00227nam a22000857a 4500
008
161128b xxu||||| |||| 00| 0 eng d
100
_9
1511
_a
Tuli.G.D.etal.
245
_a
The Language of Chemistry
260
_a
New Delhi
_b
S. chand
_c
2011
999
_c
4240
_d
4240